000 00505nam a2200145Ia 4500
005 20250317121221.0
008 240331s9999 xx 000 0 und d
082 _bKAR
_a894
100 _aKarthikesu, M
245 0 _aVazhi piranthathu
260 _aMadras
_bElavazhagan pathippagam
_c1992
300 _aXII, 148 p .,
500 _aIlangai malaiyaga tamilarkal - thotta tholilaalarkagal valzhaium avarkalathu pirachanaialaium unarchiyodu thiviramaga eduthukoorum padaippu vali piranthathu naval
942 _cL
999 _c4006
_d4006